000
00273nam a22001217a 4500
008
171011b xxu||||| |||| 00| 0 eng d
041
_a
eng
080
_a
316
100
_a
50
101
_a
SOC
245
_a
MCGRAW-HILL SERIES IN SOCIOLOGY
_c
LAPIERE, R.T
942
_2
udc
_c
BK
999
_c
33046
_d
33046